Statistiques concernant Focus sur: l'Espagne

Cliquez ici pour prendre le quiz!

Statistiques générales

  • Ce quiz a été pris 168 fois
  • Le résultat moyen est 14 sur 19

Statistiques - réponses

Informations recherchéesRéponses% Correct
Frontière OuestPortugal
100%
Nom des habitants du paysCastillan
99%
Langue officielleEspagnol
99%
Frontière terrestre Nord-Est 1France
98%
Couleur du drapeau (milieu)Jaune
97%
CapitaleMadrid
97%
Couleur du drapeau (extrémités)Rouge
97%
Frontière terrestre Nord-Est 2Andorre
96%
MonnaieEuro
95%
Frontière terrestre SudMaroc
92%
Nom des habitants de la capitaleMadrilène
77%
Nom completRoyaume d'Espagne
63%
Régime politiqueMonarchie constitutionnelle parlementaire unitaire
59%
Superficie (arrondi à la centaine de millier de kilomètres carrés près)505 911 kilomètres carrés
53%
Nombre d'habitants de la capitale (arrondi au million près)3 166 000 habitants
52%
Nombre d'habitants (arrondi à la dizaine de million près)46 439 864 habitants
50%
Indicateur téléphonique+34
42%
Hymne nationalMarcha Real
7%
Devise nationalePlus Ultra
6%

Distribution des résultats

Percentile par nombre de réponses

% des personnes avec chaque résultat

Votre développement - résultats

Vous n’avez pas pris ce quiz